El criador de gorilas /

Guardado en:
Autor Principal: Arlt, Roberto
Formato: Libro
Publicado: Buenos Aires : Fabril, 1969
Series:Los Libros del Mirasol, 217
Materias:
Etiquetas: Agregar Etiqueta
Sin Etiquetas, Sea el primero en etiquetar este registro!
LEADER 00529nam a22001935a 4500
001 CEM.cems000697
005 20060210000000.0
008 130507s1969##################000#0#####d
003 CEMS
082 0 4 |a A868.4 
100 1 |a Arlt, Roberto 
245 1 0 |a El criador de gorilas / 
260 |a Buenos Aires :  |b Fabril,  |c 1969 
300 |a 187 p. 
490 0 |a Los Libros del Mirasol, 217 
653 |a Cuento argentino-siglo 20 
653 |a Cuentos 
653 |a Literatura 
859 |a CEMS  |b BIB. CEMS - 11 de abril  |h A868.4  |i Ar75-3  |p 16366.91  |t Ej.1